• 首页
  • 本馆介绍
  • 公告通知
  • 最新文献
  • 馆藏检索
  • 电子资源
  • 读者导购
  • 参考咨询
  • 我的图书馆
  • 登录
  • 详细信息显示
  • 放入我的书架
  • 预约/预借图书
  • 作者相关作品
  • 分类相关作品
  • 丛书相关作品
  • 出版社相关作品

书目信息

  • 表格格式
  • 工作单格式
  • 卡片格式
题名:
麦奎尔大众传播原理
    
 
作者: 麦奎尔 著 ;崔保国 译
分册:  
出版信息: 北京   清华大学出版社  2006
页数: 17,464页
开本: 23cm
丛书名:
单 册:
中图分类: G206.3
科图分类:
主题词: 大众传播--教材--传播学
电子资源:
ISBN: 7-302-12467-1
000 01069nam0 2200289 450
000 01073nam0 2200289 450
000 01004nam0 2200265 450
000 00967nam0 2200253 450
005 20070602091234.25
010    @a7-302-12467-1@b平塑@dCNY55.00
100    @a20060203d2006 em y0chiy0120 ea
101 1  @achi@ceng
102    @aCN@b110000
105    @aa z 000yy
200 1  @a麦奎尔大众传播原理@AMai Kui Er Da Zhong Chuan Bo Yuan Li@e4版@E4 Ban@f(英)麦奎尔(McQuail,D.)著@F( Ying ) Mai Kui Er (McQuail,D.) Zhu@g崔保国译
205    @a4版
210    @a北京@c清华大学出版社@d2006
215    @a17,464页@c插图@d23cm
330    @a本书是一本影响深远的西方经典传播学教材,凝聚了麦奎尔毕生的心血,作者也因此而享誉国际传播学界。
454  1 @12001 @aMcQuail's Mass Communication Theroy
510 1  @aMcQuail's Mass Communication Theroy@zeng
606 0  @a大众传播@j教材@x传播学
690    @aG206.3@v4
701  1 @a麦奎尔@AMai Kui Er@g(McQuail,D.)@c(英)@4著
702  0 @a崔保国@ACui Bao Guo@4译
801  0 @aCN@bTAOJIN@c20070602
905    @a10447@dG206.3@e226=4
    
    麦奎尔大众传播原理:4版/(英)麦奎尔(McQuail,D.)著/崔保国译.-4版.-北京:清华大学出版社,2006
    17,464页:插图;23cm
    译自:
    
    ISBN 7-302-12467-1(平塑):CNY55.00
    本书是一本影响深远的西方经典传播学教材,凝聚了麦奎尔毕生的心血,作者也因此而享誉国际传播学界。
●
相关链接 在E读中查询图书 在五车中查询图书 在当当中查询图书 在豆瓣中查询图书


正题名:麦奎尔大众传播原理     索取号:G206.3/226=4         预约/预借

序号 登录号 条形码 馆藏地/架位号 状态 备注
1 0524243   205242432   第一样本阅览室/ [索取号:G206.3/226=4] 在馆    
2 0524244   205242441   密集书库/ [索取号:G206.3/226=4] 在馆    
3 0524245   205242450   密集书库/ [索取号:G206.3/226=4] 在馆    
4 0524246   205242469   密集书库/ [索取号:G206.3/226=4] 在馆    
5 0524247   205242478   第四借阅区/ [索取号:G206.3/226=4] 在馆    
6 0524248   205242487   第四借阅区/ [索取号:G206.3/226=4] 在馆    
7 0524249   205242496   第四借阅区/ [索取号:G206.3/226=4] 在馆    
8 0524250   205242502   第四借阅区/ [索取号:G206.3/226=4] 在馆    
唐山师范学院图书馆 欢迎您!
大连网信软件有限公司© 版权所有